| 000 | 00656cam a22002291 4500 | ||
|---|---|---|---|
| 001 | sa 65004581 | ||
| 003 | DLC | ||
| 005 | 20260227112131.0 | ||
| 008 | 820719s1956 ii ab b 000 0 eng | ||
| 010 | _asa 65004581 | ||
| 035 | _a(OCoLC)8610292 | ||
| 040 |
_aDLC _cMA _dDLC |
||
| 042 | _apremarc | ||
| 050 | 0 | 0 |
_aDS486.S3 _bA7 |
| 100 | 1 | _aAgrawala, Vasudeva Sharana. | |
| 245 | 1 | 0 |
_aSārnāth, _cby V. S. Agrawala. |
| 260 |
_aDelhi, _bManager of Publications, _c1956. |
||
| 300 |
_a26 p. _billus., fold. map. _c21 cm. |
||
| 500 | _aAt head of title: Dept. of Archaeology, India. | ||
| 504 | _aBibliography: p. 26. | ||
| 651 | 0 | _aSārnāth Site (India) | |
| 999 |
_c63836 _d63836 |
||